Records and information management.
The third edition of this book covers the basics of records management, information governance, and data governance, and it introduces important concepts from the fields of risk management, privacy, and cybersecurity
Na minha lista:
| Autor principal: | |
|---|---|
| Outros Autores: | |
| Formato: | Periódico |
| Publicado em: |
London :
Facet Publishing.,
©2013
|
| Assuntos: | |
| Tags: |
Adicionar Tag
Sem tags, seja o primeiro a adicionar uma tag!
|
MARC
| LEADER | 00000cas a2200000 a 4500 | ||
|---|---|---|---|
| 005 | 20260421094104.0 | ||
| 020 | |a 9781856048361 |c 101,500/=TZS | ||
| 040 | |a MCC |b eng | ||
| 082 | 0 | |a 651.5 | |
| 100 | |a Franks, P.C | ||
| 245 | 0 | 0 | |a Records and information management. |c Ptricia C. Franks |
| 260 | |a London : |b Facet Publishing., |c ©2013 | ||
| 300 | |a xiii410p ; |c 27 cm |b ills, | ||
| 504 | |a includes index | ||
| 520 | |a The third edition of this book covers the basics of records management, information governance, and data governance, and it introduces important concepts from the fields of risk management, privacy, and cybersecurity | ||
| 546 | |a eng | ||
| 650 | 0 | |a Information science |v Catalogs. | |
| 650 | 0 | |a Records |v Catalogs. | |
| 650 | 0 | |a Computer software |v Catalogs. | |
| 650 | 0 | |a Libraries | |
| 650 | 2 | |a Information Systems | |
| 650 | 7 | |a Information storage and retrieval systems. | |
| 650 | 7 | |a Computer software. | |
| 650 | 7 | |a Information services | |
| 650 | 7 | |a Records | |
| 700 | |a Franks C. Patricia | ||
| 942 | |c BK | ||
| 999 | |c 12724 |d 12724 | ||